000 00561nam a22001817a 4500
005 20251108170918.0
008 250721s9999 xx 000 0 ara d
082 1 4 _aط/500/ناي
100 1 _aسعاده، نايف
245 1 0 _aإنها تدور :
_bحكاية النهضة الأوروبية /
264 1 _aبيروت :
_bدار الفتي العربي للنشر و التوزيع،
300 _a92ص
490 0 _aالعلوم و الإنسان
650 1 7 _aالعلوم
700 1 _aحمزة، معين
942 _2ddc
_cBK
999 _c51952
_d51952